000 01761nam a2200481 i 4500
001 30227
003 KOSZ 005
005 20200731142639.0
008 970510s1994 pl a f |000 0 pol
015 _aUWD 1995/4296
020 _a8385949623
035 _a991000037659705066
035 _a(PL-WaBN)b10037986-48omnis_nlop
035 _ab10037986
035 _a(OCoLC)805163587
035 _a(PL)b0000001003798
035 _a(EXLNZ-48OMNIS_NETWORK)9910207473005606
040 _aWA N
_cWA N
_dKOSZ 005/EG
080 _a504.05(438)
080 _a(438)
245 0 0 _aZanieczyszczenie środowiska hałasem w świetle badań WIOŚ [Wojewódzkich Inspektoratów Ochrony Środowiska] w 1993 roku :
_b(wybór zagadnień) /
_c[zespół aut. R. Adamkiewicz et al.] ; Państwowa Inspekcja Ochrony Środowiska.
260 _aWarszawa :
_bPIOŚ,
_c1994.
300 _a94, [1] s., [10] s. tabl. kolor., :
_bmapy., pl., rys., wykr. ;
_c24 cm.
336 _aTekst
_btxt
_2rdacontent
337 _aBez urządzenia pośredniczącego
_bn
_2rdamedia
338 _aWolumin
_bnc
_2rdacarrier
380 _aKsiążki
388 _a1901-2000
388 _a1989-2000
490 1 _aBiblioteka Monitoringu Środowiska
504 _aBibliogr. przy rozdz.
648 _a1989-2000
650 7 _aHałas
_2DBN
650 7 _aBadania naukowe
_2DBN
651 7 _aPolska
658 _aOchrona środowiska
700 1 _aAdamkiewicz, R.
_eAutor
710 2 _aPaństwowa Inspekcja Ochrony Środowiska
_4pbl
830 0 _aBiblioteka Monitoringu Środowiska
856 _uhttp://koha.tu.koszalin.pl/cgi-bin/koha/opac-detail.pl?biblionumber=30227
_yKatalog online BPK
942 _2UKD
_cKS
999 _c30227
_d30227